Natural foundations (Record no. 105880)

MARC details
000 -LEADER
fixed length control field 01030cam a2200229 4500
001 - CONTROL NUMBER
control field ##L134993
008 - FIXED-LENGTH DATA ELEMENTS--GENERAL INFORMATION
fixed length control field 060918n2006 000 0 eng u
020 ## - INTERNATIONAL STANDARD BOOK NUMBER
International Standard Book Number 185716900X
035 ## - SYSTEM CONTROL NUMBER
System control number (Sirsi) u134993
041 0# - LANGUAGE CODE
Language code of text/sound track or separate title eng
050 04 - LIBRARY OF CONGRESS CALL NUMBER
Classification number 333.72 $2 18
100 1# - MAIN ENTRY--PERSONAL NAME
Personal name Stace, H.
245 00 - TITLE STATEMENT
Title Natural foundations
Remainder of title geodiversity for people, places and nature
260 ## - PUBLICATION, DISTRIBUTION, ETC.
Place of publication, distribution, etc. Peterborough
Name of publisher, distributor, etc. English Nature
Date of publication, distribution, etc. 2006
520 ## - SUMMARY, ETC.
Summary, etc. This report examines England's diverse geology, and argues that conservation of geodiversity should be central to the management of the environment. Discusses threats to geodiversity, and sets out ways in which it can be conserved and enhanced.
590 ## - LOCAL NOTE (RLIN)
Local note IKA190906
651 #4 - SUBJECT ADDED ENTRY--GEOGRAPHIC NAME
Geographic name England
Chronological subdivision 886-
690 ## - LOCAL SUBJECT ADDED ENTRY--TOPICAL TERM (OCLC, RLIN)
Topical term or geographic name as entry element ENVIRONMENTAL AND LAND CONSULTANCY-ENVIRONMENTAL MANAGEMENT-ENVIRONMENTAL CONSERVATION
700 1# - ADDED ENTRY--PERSONAL NAME
Personal name Larwood, J. G.
856 40 - ELECTRONIC LOCATION AND ACCESS
Uniform Resource Identifier <a href="https://web.archive.org/web/20070722011505/http://www.english-nature.org.uk/pubs/publication/PDF/GeologySON.pdf">https://web.archive.org/web/20070722011505/http://www.english-nature.org.uk/pubs/publication/PDF/GeologySON.pdf</a>
Public note Available via the Web Archive
942 ## - ADDED ENTRY ELEMENTS (KOHA)
Suppress in OPAC 0
Source of classification or shelving scheme Dewey Decimal Classification
Holdings
Withdrawn status Lost status Source of classification or shelving scheme Damaged status Not for loan Home library Current library Shelving location Date acquired Total Checkouts Full call number Barcode Date last seen Copy number Price effective from Koha item type
    Dewey Decimal Classification     Virtual Virtual Online 18/09/2006   ONLINE PUBLICATION 134993-1001 26/02/2024 1 06/08/2019 Online material